Význam teorie všeobecné rovnováhy pro transformaci centrálně plánovaných ekonomik.

Skúmanie otázky, či jedinou voľbou je prechod od prikazovacej ekonomiky k ekonomike úplného laissez-faire. Prehľad tej najúplnejšej trhovej ekonomiky. Vysvetlenie teórie všeobecnej rovnováhy a popis medzier v tejto teórii. Poukázanie na oblasti, v ktorých by získavanie statkov nemalo byť ponechané v...

Descrizione completa

Salvato in:
Dettagli Bibliografici
Autore principale: Hahn, F.
Natura: Capitolo di libro
Lingua:ceco
Soggetti:
Tags: Aggiungi Tag
Nessun Tag, puoi essere il primo ad aggiungerne!!

MARC

LEADER 00000naa a2200000 4500
001 r007489
005 20220831084958.6
041 0 |a cze 
044 |a [CS] 
245 1 0 |a Význam teorie všeobecné rovnováhy pro transformaci centrálně plánovaných ekonomik.  |c F. Hahn 
520 |a Skúmanie otázky, či jedinou voľbou je prechod od prikazovacej ekonomiky k ekonomike úplného laissez-faire. Prehľad tej najúplnejšej trhovej ekonomiky. Vysvetlenie teórie všeobecnej rovnováhy a popis medzier v tejto teórii. Poukázanie na oblasti, v ktorých by získavanie statkov nemalo byť ponechané výlučne trhu. Spochybnenie možnosti, že trh ponechaný sám na seba bude poskytovať adekvátnu koordináciu. Úloha vlády pri prechode na trhovú ekonomiku. 
610 2 0 |a rovnováha všeobecná 
610 2 0 |a hospodárstvo trhové 
610 2 0 |a plánovanie centrálne 
610 2 0 |a reformy hospodárske 
610 2 0 |a teória rovnováhy ekonomickej 
610 2 0 |a trh 
610 2 0 |a koordinácia 
610 2 0 |a vláda 
100 1 |a Hahn, F.